000 01129cab a2200289 4500
001 ABS55080
008 090401t1996 xxu||||| |||| 00| 0 eng d
035 _a(Sirsi) u14037
041 _aeng
245 _aHodgkinson (VO) v Strathclyde RC Superannuation Fund
260 _c1996
350 _a0
490 _aRating Appeals
_v[1996] RA 129-143(8)
520 _aLT 14 December 1995. An appeal by the VO on a Valuation Tribunal decision that toilets in the Octagon Centre, Burton-on-Trent, were an integral part of the shopping centre and did not therefore form a separate hereditament. It was held that the appeal property must be entered in the rating list under the decription `Public Conveniences` with a nominal rating value of £1.
650 _aHEREDITAMENTS
650 _aHODGKINSON VO V STRATHCLYDE RC SUPERANNUATION FUND
650 _aOCTAGON CENTRE
650 _aPUBLIC CONVENIENCES
650 _aRATEABILITY
650 _aRATING APPEALS
650 _aRATING LIST
650 _aSHOPPING CENTRES
650 _aTOILETS
690 _aRATING AND VALUATION-CASE LAW
942 _n0
948 _c04/03/1997
999 _c9095
_d9095